000 00897nas a2200301 4500
001 BR2015006894
003 BR-BrBNA
005 20231205125956.0
007 ta
008 230509b bl.|||p| |||| 00| 00por d
040 _aBR-BrBNA
_bpor
_cBiblioteca Nacional de Agricultura
041 _a(Pt)
072 _aF30
100 1 _aHeinrich, A.G.
100 1 _aFerraz, R.M.
100 1 _aRagassi, C.F.
100 1 _aReifschneider, F.J.B.
245 1 _aCaracterização e avaliação de progênies autofecundadas de pimenta biquinho salmão
650 _aPIMENTA
650 _aCAPSICUM CHINENSE
650 _aPIMENTA DOCE
650 _aSELECAO
650 _aMELHORAMENTO GENETICO
650 _aCOR
773 0 _tHorticultura Brasileira (Brazil)
_xISSN 0102-0536
_g(Oct-Dec 2015), v. 33(4) p. 465-470
_wBR2015006894
909 _a202311
_bLúcia
_c55
_dLúcia Elande
942 _2AGRIS
_n0
_cANA
999 _c247216
_d247216